000
00283nam a2200121Ia 4500
008
190216s9999||||xx |||||||||||||| ||und||
100
_a
Malayatoor Ramakrishnan
245
0
_a
Yakshi
260
_b
Dc Books Kottayam
_c
1999
300
_a
168p
650
_a
Malayalam Novel
942
_c
BK
999
_c
26058
_d
26058